| 000 | 00593nam a2200157Ia 4500 | ||
|---|---|---|---|
| 008 | 100122s9999 xx 000 0 und d | ||
| 082 |
_b64663 _a925 |
||
| 100 | _aकलाम अब्दुल | ||
| 245 | _aझेप अवकाशी अग्निपक्ष्याची | ||
| 260 |
_bसाकेत प्रकाशन _c2004 |
||
| 300 | _a315 | ||
| 630 | _aझेप अवकाशी अग्निपक्ष्याची | ||
| 700 | _aअंगिळे व न | ||
| 730 | _aझेप अवकाशी अग्निपक्ष्याची | ||
| 942 | _cBOOK | ||
| 999 |
_c438080 _d438077 |
||